000 004760000a22001810004500
003 MACL
005 20150813162238.0
008 150813b xxu||||| |||| 00| 0 eng d
040 _aMACL
_cMACL
041 _aEnglish
082 _a400/MAK
100 _aRamakrishnan, EV
_95415
245 _aWe Speak in Changing Languages
_bIndian Women Poets 1990-2007
260 _bSahitya Akademi
_c2009
_aNew Delhi
350 _a120
650 _aLanguage
_981
942 _cBK
_k400/MAK
_2ddc
999 _c42278
_d42278